000 00303nam a22001457a 4500
008 230524b ||||| |||| 00| 0 eng d
020 _a9782226151018
041 _aFRA
080 _a82
082 _a82MIC
100 _a38
101 _aGJL
245 _aPS & LOVE YOU
_cMICHEL. A
942 _2udc
_cBK
999 _c59814
_d59814